Cacti and succulents

Сохранить в:
Библиографические подробности
Главный автор: Smith, Gideon F.
Формат:
Язык:Undetermined
Опубликовано: United Kingdom New Holland 2006
Предметы:
Метки: Добавить метку
Нет меток, Требуется 1-ая метка записи!
Thư viện lưu trữ: Trung tâm Học liệu Trường Đại học Cần Thơ
LEADER 00551nam a2200193Ia 4500
001 CTU_132966
008 210402s9999 xx 000 0 und d
020 |c 396000 
082 |a 635.93356 
082 |b S648 
100 |a Smith, Gideon F. 
245 0 |a Cacti and succulents 
245 0 |c Gideon F. Smith 
260 |a United Kingdom 
260 |b New Holland 
260 |c 2006 
650 |a Kỹ thuật trồng xương rồng,Cactus,Succulent plants 
904 |i Hạ Nguyên 
980 |a Trung tâm Học liệu Trường Đại học Cần Thơ